[Event "New York Int op 11th"]
[Site "New York"]
[Date "2018.06.17"]
[Round "8"]
[White "Abreu Delgado, Aryam"]
[Black "Khodzhamkuliev, Bahadur"]
[Result "1/2-1/2"]
[WhiteElo "2457"]
[BlackElo "2164"]
[PlyCount "50"]
[EventDate "2018.06.13"]
[EventType "swiss"]
[EventRounds "9"]
[EventCountry "USA"]
[SourceTitle "CBM 185 Extra"]
[Source "ChessBase"]
[SourceDate "2018.07.29"]
[SourceVersion "1"]
[SourceVersionDate "2018.07.29"]
[SourceQuality "1"]

1. c4 Nf6 2. Nf3 g6 3. g3 Bg7 4. Bg2 d6 5. Nc3 0-0 6. 0-0 Nc6 7. d3 e5 8. Rb1 a5 9. a3 h6 10. b4 axb4 11. axb4 Be6 12. b5 Ne7 13. Bb2 Nd7 14. Qc2 c6 15. Rfc1 d5 16. bxc6 bxc6 17. cxd5 cxd5 18. Nb5 Rc8 19. Nc7 Bg4 20. h3 Bxf3 21. Bxf3 Nb8 22. Ba3 Nbc6 23. Bxe7 Nxe7 24. Rb7 Nf5 25. e3 d4 1/2-1/2

[Event "New York Int op 11th"]
[Site "New York"]
[Date "2018.06.17"]
[Round "9"]
[White "Yap, Kim Steven"]
[Black "Abreu Delgado, Aryam"]
[Result "1/2-1/2"]
[WhiteElo "2363"]
[BlackElo "2457"]
[PlyCount "20"]
[EventDate "2018.06.13"]
[EventType "swiss"]
[EventRounds "9"]
[EventCountry "USA"]
[SourceTitle "CBM 185 Extra"]
[Source "ChessBase"]
[SourceDate "2018.07.29"]
[SourceVersion "1"]
[SourceVersionDate "2018.07.29"]
[SourceQuality "1"]

1. e4 c5 2. Nc3 d6 3. g3 Nc6 4. Bg2 g6 5. d3 Bg7 6. f4 Rb8 7. Nf3 b5 8. 0-0 b4 9. Ne2 Nf6 10. h3 0-0 1/2-1/2

[Event "PRO League Atlantic"]
[Site "Chess.com INT"]
[Date "2017.01.11"]
[Round "1"]
[White "Abreu Delgado, Aryam"]
[Black "Guseinov, Gadir"]
[Result "0-1"]
[WhiteElo "2452"]
[BlackElo "2643"]
[PlyCount "50"]
[EventDate "2017.01.11"]
[EventType "team-swiss (rapid)"]
[EventRounds "7"]
[EventCountry "USA"]
[SourceTitle "CBM 176 Extra"]
[Source "ChessBase"]
[SourceDate "2017.03.02"]
[SourceVersion "1"]
[SourceVersionDate "2017.03.02"]
[SourceQuality "1"]
[WhiteTeam "Miami Champions"]
[BlackTeam "Atlanta Kings"]
[WhiteTeamCountry "UAE"]
[BlackTeamCountry "USA"]

1. e4 c5 2. Nf3 Nc6 3. d4 cxd4 4. Nxd4 g6 5. c4 Nf6 6. Nc3 Nxd4 7. Qxd4 d6 8. Be3 Bg7 9. f3 0-0 10. Qd2 Qa5 11. Rc1 Be6 12. b3 Rfc8 13. Be2 a6 14. Na4 Qxd2+ 15. Kxd2 Nd7 16. g4 f5 17. exf5 gxf5 18. h3 Rf8 19. Rhg1 Rad8 20. Bg5 Kf7 21. gxf5 Bxf5 22. Bxe7 Kxe7 23. Rxg7+ Kf6 24. Rg3 Rg8 25. Rh1 Rxg3 0-1

[Event "PRO League Atlantic"]
[Site "Chess.com INT"]
[Date "2017.01.11"]
[Round "1"]
[White "Zapata, Alonso"]
[Black "Abreu Delgado, Aryam"]
[Result "1-0"]
[WhiteElo "2418"]
[BlackElo "2452"]
[PlyCount "89"]
[EventDate "2017.01.11"]
[EventType "team-swiss (rapid)"]
[EventRounds "7"]
[EventCountry "USA"]
[SourceTitle "CBM 176 Extra"]
[Source "ChessBase"]
[SourceDate "2017.03.02"]
[SourceVersion "1"]
[SourceVersionDate "2017.03.02"]
[SourceQuality "1"]
[WhiteTeam "Atlanta Kings"]
[BlackTeam "Miami Champions"]
[WhiteTeamCountry "USA"]
[BlackTeamCountry "UAE"]

1. e4 c5 2. Nf3 d6 3. d4 cxd4 4. Nxd4 Nf6 5. Nc3 a6 6. Bc4 e6 7. 0-0 b5 8. Bb3 Be7 9. Qf3 Qb6 10. Be3 Qb7 11. Qg3 b4 12. Na4 Nbd7 13. f3 0-0 14. Rfd1 Rb8 15. Ne2 Qc7 16. Rac1 Ne5 17. c4 bxc3 18. Rxc3 Qa5 19. Qf2 Ned7 20. Nd4 Ne5 21. Nc2 Ned7 22. Qd2 Bb7 23. Bf4 Bxe4 24. Bxd6 Bxd6 25. Qxd6 Bd5 26. Bxd5 Nxd5 27. Ra3 N7f6 28. Nc5 Qb5 29. Rb3 Rbd8 30. Rxb5 Rxd6 31. Ra5 Rc6 32. Nd4 Rb6 33. b3 Nb4 34. a3 Nc6 35. Nxc6 Rxc6 36. b4 Ra8 37. Rxa6 Rcxa6 38. Nxa6 Nd5 39. Rc1 Kf8 40. b5 Ke7 41. a4 Kd6 42. Rc6+ Ke7 43. Kf2 Kd7 44. Nc5+ Kd8 45. a5 1-0

[Event "Carlos Torre Memorial op 27th"]
[Site "Merida"]
[Date "2015.12.20"]
[Round "8"]
[White "Dreev, Alexey"]
[Black "Abreu Delgado, Aryam"]
[Result "1-0"]
[WhiteElo "2644"]
[BlackElo "2450"]
[PlyCount "63"]
[EventDate "2015.12.17"]
[EventType "swiss"]
[EventRounds "9"]
[EventCountry "MEX"]
[SourceTitle "EXT 2017"]
[Source "ChessBase"]
[SourceDate "2016.10.25"]
[SourceVersion "1"]
[SourceVersionDate "2016.10.25"]
[SourceQuality "1"]

1. d4 d5 2. c4 dxc4 3. e3 Nf6 4. Bxc4 e6 5. Nf3 a6 6. 0-0 c5 7. b3 Nc6 8. Bb2 cxd4 9. Nxd4 Nxd4 10. Bxd4 Bd7 11. Nd2 Be7 12. Be2 Bc6 13. Nc4 0-0 14. Qc2 Rc8 15. Qb2 Bc5 16. Rfd1 Bxd4 17. Rxd4 Qe7 18. Rad1 Rc7 19. a4 Qc5 20. a5 Qg5 21. Bf1 Bd5 22. Nb6 Bf3 23. R1d2 Qxa5 24. Nc4 Rxc4 25. Rxc4 Bc6 26. b4 Qg5 27. Qc2 Ng4 28. Rc5 Ne5 29. f4 Nf3+ 30. Kh1 Qh4 31. gxf3 Bxf3+ 32. Kg1 1-0

[Event "Capablanca Memorial op 50th"]
[Site "Havana"]
[Date "2015.06.18"]
[Round "4"]
[White "Abreu Delgado, Aryam"]
[Black "Hernandez Marquez, Noel"]
[Result "0-1"]
[WhiteElo "2455"]
[BlackElo "2339"]
[PlyCount "102"]
[EventDate "2015.06.15"]
[EventType "swiss"]
[EventRounds "10"]
[EventCountry "CUB"]
[SourceTitle "EXT 2016"]
[Source "ChessBase"]
[SourceDate "2015.10.08"]
[SourceVersion "1"]
[SourceVersionDate "2015.10.08"]
[SourceQuality "1"]

1. e4 e5 2. Nf3 Nc6 3. Bb5 a6 4. Ba4 Nf6 5. 0-0 b5 6. Bb3 Bb7 7. d3 Bd6 8. a3 0-0 9. Re1 h6 10. Nbd2 Re8 11. Nf1 Bf8 12. Ne3 Na5 13. Ba2 d5 14. exd5 Nxd5 15. Ng4 e4 16. dxe4 Nb6 17. Bf4 Qc8 18. Nge5 Nac4 19. Nxc4 Nxc4 20. Bxc4 bxc4 21. Nd2 Qe6 22. Qf3 f5 23. Qc3 fxe4 24. Qxc4 Bd5 25. Qc3 g5 26. Be3 c5 27. Bxc5 Rac8 28. b4 Bg7 29. Qe3 Bxa1 30. Rxa1 Bb7 31. Nb3 Red8 32. Nd4 Qf6 33. c3 a5 34. Qh3 axb4 35. Bxb4 Rd5 36. Re1 Re8 37. Qh5 Rde5 38. Nc2 g4 39. Qxg4+ Rg5 40. Qd7 Bc6 41. Qh3 e3 42. Rxe3 Qd8 43. g3 Qd1+ 44. Qf1 Qxc2 45. Qc4+ Kh7 46. Qxc6 Rxe3 47. fxe3 Qd1+ 48. Kg2 Qe2+ 49. Kg1 Qxe3+ 50. Kg2 Qe2+ 51. Kg1 Rf5 0-1

[Event "Capablanca Memorial op 50th"]
[Site "Havana"]
[Date "2015.06.15"]
[Round "1"]
[White "Clavijo, Jorge Mario"]
[Black "Abreu Delgado, Aryam"]
[Result "1-0"]
[WhiteElo "2330"]
[BlackElo "2455"]
[PlyCount "97"]
[EventDate "2015.06.15"]
[EventType "swiss"]
[EventRounds "10"]
[EventCountry "CUB"]
[SourceTitle "EXT 2016"]
[Source "ChessBase"]
[SourceDate "2015.10.08"]
[SourceVersion "1"]
[SourceVersionDate "2015.10.08"]
[SourceQuality "1"]

1. d4 Nf6 2. c4 e6 3. Nc3 Bb4 4. e3 0-0 5. Bd3 d5 6. Nf3 dxc4 7. Bxc4 c5 8. 0-0 Nc6 9. a3 Ba5 10. Qd3 a6 11. dxc5 Qxd3 12. Bxd3 Bxc3 13. bxc3 Na5 14. Bc2 Bd7 15. e4 Bb5 16. Re1 Nd7 17. a4 Bc6 18. Bf4 Rfc8 19. Bd6 b6 20. cxb6 Nxb6 21. Bb4 Nac4 22. a5 Nd7 23. Bd3 Nde5 24. Nxe5 Nxe5 25. Bf1 Be8 26. Red1 Nc4 27. Rd4 Bb5 28. f3 e5 29. Rd5 Ne3 30. Bxb5 Nxd5 31. Bxa6 Rxa6 32. exd5 f6 33. Kf2 Kf7 34. Ke3 f5 35. Kd3 Rb8 36. Ra2 g5 37. Ra4 h5 38. c4 Re8 39. c5 e4+ 40. Kc4 e3 41. c6 e2 42. Ra1 g4 43. Kb5 Raa8 44. c7 gxf3 45. gxf3 Re3 46. Kc6 Rb3 47. Be1 Ra6+ 48. Kd7 Ra7 49. Bf2 1-0

[Event "Capablanca Memorial op 49th"]
[Site "Havana"]
[Date "2014.05.08"]
[Round "1"]
[White "Abreu Delgado, Aryam"]
[Black "Martin, Orlando"]
[Result "1/2-1/2"]
[WhiteElo "2464"]
[BlackElo "2298"]
[PlyCount "86"]
[EventDate "2014.04.08"]
[EventType "swiss"]
[EventRounds "10"]
[EventCountry "CUB"]
[SourceTitle "CBM 160 Extra"]
[Source "ChessBase"]
[SourceDate "2014.07.01"]
[SourceVersion "1"]
[SourceVersionDate "2014.07.01"]
[SourceQuality "1"]

1. e4 e6 2. d4 d5 3. Nc3 Nf6 4. e5 Nfd7 5. f4 c5 6. Nf3 Nc6 7. Be3 cxd4 8. Nxd4 Qb6 9. a3 Bc5 10. Na4 Qa5+ 11. c3 Bxd4 12. Bxd4 Nxd4 13. Qxd4 b6 14. Be2 Ba6 15. Bd1 Rc8 16. b4 Qb5 17. Nb2 Qc6 18. Rc1 0-0 19. Bf3 Qc7 20. Kd2 f6 21. Rhe1 fxe5 22. fxe5 Qd8 23. h4 Qe7 24. Kc2 Bc4 25. Kb1 a5 26. Re3 axb4 27. axb4 Qf7 28. Qg4 b5 29. Bd1 Ra8 30. Nxc4 bxc4 31. Bc2 Ra6 32. Rf3 Nxe5 33. Bxh7+ Kxh7 34. Rxf7 Nxf7 35. Qh5+ Kg8 36. Rf1 Ra7 37. Rf2 e5 38. b5 Rb8 39. Rb2 Rab7 40. Qf5 Rxb5 41. Rxb5 Rxb5+ 42. Kc2 Rb6 43. Qc8+ Kh7 1/2-1/2

[Event "Carlos Torre Memorial op 25th"]
[Site "Merida"]
[Date "2013.12.18"]
[Round "7"]
[White "Abreu Delgado, Aryam"]
[Black "Gonzalez Zamora, Juan Carlos"]
[Result "1/2-1/2"]
[WhiteElo "2470"]
[BlackElo "2537"]
[PlyCount "32"]
[EventDate "2013.12.13"]
[EventType "swiss"]
[EventRounds "9"]
[EventCountry "MEX"]
[SourceTitle "CBM 158 Extra"]
[Source "ChessBase"]
[SourceDate "2014.02.28"]
[SourceVersion "1"]
[SourceVersionDate "2014.02.28"]
[SourceQuality "1"]

1. e4 e6 2. d4 d5 3. Nc3 Bb4 4. Nge2 dxe4 5. a3 Be7 6. Nxe4 b6 7. Nf4 Bb7 8. Qf3 Qc8 9. Bb5+ Nd7 10. Nh5 Kf8 11. Qe2 Ndf6 12. Nhxf6 Nxf6 13. f3 c5 14. Nxf6 Bxf6 15. dxc5 Qxc5 16. Be3 Bd4 1/2-1/2

[Event "Carlos Torre Memorial op 25th"]
[Site "Merida"]
[Date "2013.12.18"]
[Round "6"]
[White "Vera Gonzalez Quevedo, Reynaldo"]
[Black "Abreu Delgado, Aryam"]
[Result "1/2-1/2"]
[WhiteElo "2446"]
[BlackElo "2470"]
[PlyCount "54"]
[EventDate "2013.12.13"]
[EventType "swiss"]
[EventRounds "9"]
[EventCountry "MEX"]
[SourceTitle "CBM 158 Extra"]
[Source "ChessBase"]
[SourceDate "2014.02.28"]
[SourceVersion "1"]
[SourceVersionDate "2014.02.28"]
[SourceQuality "1"]

1. d4 d5 2. c4 dxc4 3. Nf3 Nf6 4. e3 e6 5. Bxc4 a6 6. 0-0 c5 7. Bb3 cxd4 8. exd4 Nc6 9. Nc3 Be7 10. Re1 0-0 11. Bg5 b5 12. Qd2 Na5 13. Bc2 Bb7 14. Ne5 Nc4 15. Nxc4 bxc4 16. Rad1 Nd5 17. Bxe7 Qxe7 18. Nxd5 Bxd5 19. Be4 Rfd8 20. Bxd5 Rxd5 21. Qc3 Qb7 22. Rd2 Rc8 23. Rc1 Rdd8 24. h3 h6 25. Rdc2 Qe4 26. Qe3 Qxd4 27. b3 c3 1/2-1/2

[Event "Washington op 2nd"]
[Site "Rockville"]
[Date "2013.08.09"]
[Round "7"]
[White "Abreu Delgado, Aryam"]
[Black "Piasetski, Leon David"]
[Result "1-0"]
[WhiteElo "2483"]
[BlackElo "2286"]
[PlyCount "57"]
[EventDate "2013.08.06"]
[EventType "swiss"]
[EventRounds "9"]
[EventCountry "USA"]
[SourceTitle "EXT 2014"]
[Source "ChessBase"]
[SourceDate "2013.11.20"]
[SourceVersion "1"]
[SourceVersionDate "2013.11.20"]
[SourceQuality "1"]

1. e4 c5 2. Nf3 Nc6 3. d4 cxd4 4. Nxd4 g6 5. Nc3 Bg7 6. Be3 Nf6 7. Bc4 0-0 8. Bb3 d6 9. f3 Bd7 10. Qd2 Rc8 11. 0-0-0 h5 12. Kb1 Kh7 13. h4 Ne5 14. Bg5 Rc5 15. g4 Nxf3 16. Nxf3 Bxg4 17. Rdf1 b5 18. Be3 b4 19. Nd5 Nxe4 20. Qxb4 Ng3 21. Ng5+ Kh8 22. Bxc5 dxc5 23. Qxc5 e6 24. Nxf7+ Rxf7 25. Rxf7 Nxh1 26. Qxa7 Qxh4 27. a4 Qe1+ 28. Ka2 Qe5 29. Nf6 1-0

[Event "Washington op 2nd"]
[Site "Rockville"]
[Date "2013.08.08"]
[Round "6"]
[White "Thavandiran, Shiyam"]
[Black "Abreu Delgado, Aryam"]
[Result "1/2-1/2"]
[WhiteElo "2357"]
[BlackElo "2483"]
[PlyCount "158"]
[EventDate "2013.08.06"]
[EventType "swiss"]
[EventRounds "9"]
[EventCountry "USA"]
[SourceTitle "EXT 2014"]
[Source "ChessBase"]
[SourceDate "2013.11.20"]
[SourceVersion "1"]
[SourceVersionDate "2013.11.20"]
[SourceQuality "1"]

1. e4 c5 2. Nf3 d6 3. d4 cxd4 4. Nxd4 Nf6 5. Nc3 a6 6. f3 e5 7. Nb3 Be6 8. Be3 h5 9. Qd2 Nbd7 10. 0-0-0 Be7 11. Kb1 Rc8 12. g3 b5 13. Nd5 Bxd5 14. exd5 Nb6 15. Bxb6 Qxb6 16. Bg2 0-0 17. f4 exf4 18. Nd4 Ng4 19. Nc6 Bf6 20. Qxf4 Qf2 21. Rd2 Qxf4 22. gxf4 Ne3 23. c3 Rce8 24. Bf3 Nc4 25. Re2 Rxe2 26. Bxe2 Nb6 27. Nb4 Re8 28. Bxh5 a5 29. Nc6 a4 30. Na7 Nc4 31. Nxb5 Re4 32. b3 Nb6 33. Bxf7+ Kf8 34. Bg6 Re2 35. Bh5 Rf2 36. Re1 g6 37. Bxg6 Nxd5 38. bxa4 Bxc3 39. Rd1 Bd2 40. a5 Nc3+ 41. Nxc3 Bxc3 42. a6 Rb2+ 43. Kc1 Rxa2 44. Rxd6 Ke7 45. Rc6 Bd4 46. f5 Rxh2 47. Rc4 Be3+ 48. Kb1 Kf6 49. Rc2 Rh1+ 50. Ka2 Bd4 51. Kb3 Ba7 52. Rc7 Bf2 53. Rc6+ Kg5 54. Kc4 Rd1 55. Re6 Ra1 56. Kb5 Rc1 57. Rc6 Rb1+ 58. Kc4 Rd1 59. Bh7 Rh1 60. Rg6+ Kf4 61. Rg2 Be3 62. Rg7 Ra1 63. Rg6 Rh1 64. Rg7 Ra1 65. f6 Rxa6 66. Rg6 Ra7 67. Rg7 Ra6 68. f7 Rf6 69. Bg8 Kf5 70. Rh7 Kg6 71. Rh3 Bh6 72. Kd5 Rf1 73. Rg3+ Kf6 74. Rg2 Rd1+ 75. Ke4 Re1+ 76. Kf3 Re5 77. Ra2 Bf8 78. Kf4 Rf5+ 79. Kg4 Rg5+ 1/2-1/2

[Event "Washington op 2nd"]
[Site "Rockville"]
[Date "2013.08.06"]
[Round "2"]
[White "Li, Ruifeng"]
[Black "Abreu Delgado, Aryam"]
[Result "1/2-1/2"]
[WhiteElo "2246"]
[BlackElo "2483"]
[PlyCount "63"]
[EventDate "2013.08.06"]
[EventType "swiss"]
[EventRounds "9"]
[EventCountry "USA"]
[SourceTitle "EXT 2014"]
[Source "ChessBase"]
[SourceDate "2013.11.20"]
[SourceVersion "1"]
[SourceVersionDate "2013.11.20"]
[SourceQuality "1"]

1. e4 c5 2. Nf3 d6 3. d4 cxd4 4. Nxd4 Nf6 5. Nc3 a6 6. Be3 Ng4 7. Bc1 Nf6 8. Be3 Ng4 9. Bc1 Nc6 10. h3 Nge5 11. Be3 e6 12. Be2 Be7 13. 0-0 0-0 14. f4 Ng6 15. Nxc6 bxc6 16. Na4 Rb8 17. c4 c5 18. Qc2 Bb7 19. Nc3 Qc7 20. Rad1 Bf6 21. Bg4 Bxc3 22. bxc3 Qc6 23. Bc1 f5 24. exf5 exf5 25. Bf3 Qc7 26. Bd5+ Kh8 27. Rfe1 Bc8 28. Re2 Bd7 29. Rde1 Rbe8 30. Rxe8 Bxe8 31. Qe2 Bd7 32. Qd3 1/2-1/2

[Event "Capablanca Memorial op-A 48th"]
[Site "Havana"]
[Date "2013.04.29"]
[Round "8"]
[White "Abreu Delgado, Aryam"]
[Black "Trent, Lawrence"]
[Result "1/2-1/2"]
[WhiteElo "2477"]
[BlackElo "2425"]
[PlyCount "97"]
[EventDate "2013.04.21"]
[EventType "swiss"]
[EventRounds "10"]
[EventCountry "CUB"]
[SourceTitle "CBM 154 Extra"]
[Source "ChessBase"]
[SourceDate "2013.06.25"]
[SourceVersion "2"]
[SourceVersionDate "2013.06.25"]
[SourceQuality "1"]

1. e4 e5 2. Nf3 Nc6 3. Bb5 a6 4. Ba4 Nf6 5. 0-0 Nxe4 6. d4 b5 7. Bb3 d5 8. dxe5 Be6 9. Be3 Be7 10. c3 Nc5 11. Bc2 Nd7 12. Re1 Ndxe5 13. Nxe5 Nxe5 14. Bd4 Ng6 15. Bxg7 Rg8 16. Bxg6 Rxg7 17. Rxe6 hxg6 18. Re2 Kf8 19. Nd2 Rh7 20. Nf3 Bf6 21. Qd3 Kg7 22. Rae1 Qd6 23. h3 Rh5 24. Nh2 d4 25. Ng4 dxc3 26. Qf3 Rf8 27. bxc3 Rf5 28. Qe3 Bg5 29. Qe4 Rc5 30. Qf3 Rf5 31. Qe4 Qc5 32. g3 Rd5 33. Qf3 Rf5 34. Qe4 Bf6 35. Rd1 Bxc3 36. Rd7 a5 37. Qb7 Qb6 38. Qxc7 Qxc7 39. Rxc7 b4 40. Ree7 Bd4 41. Ne3 Rc5 42. Nc2 Rxc7 43. Rxc7 Bb6 44. Rb7 Bc5 45. Rb5 Rc8 46. Rxa5 Bxf2+ 47. Kxf2 Rxc2+ 48. Kf3 Rc3+ 49. Kf4 1/2-1/2

[Event "Cartagena IRT op 4th"]
[Site "Cartagena"]
[Date "2012.06.17"]
[Round "6"]
[White "Abreu Delgado, Aryam"]
[Black "Barrientos Chavarriaga, Sergio E"]
[Result "0-1"]
[WhiteElo "2470"]
[BlackElo "2513"]
[PlyCount "122"]
[EventDate "2012.06.14"]
[EventType "swiss"]
[EventRounds "9"]
[EventCountry "COL"]
[SourceTitle "CBM 148 Extra"]
[Source "ChessBase"]
[SourceDate "2012.06.22"]
[SourceVersion "1"]
[SourceVersionDate "2012.06.22"]
[SourceQuality "1"]

1. e4 c5 2. Nf3 d6 3. d4 cxd4 4. Nxd4 Nf6 5. Nc3 a6 6. h3 e5 7. Nde2 h5 8. Bg5 Be6 9. f4 Nbd7 10. f5 Bc4 11. Ng3 Rc8 12. Bxc4 Rxc4 13. Qf3 Qc7 14. 0-0-0 Rxc3 15. Qxc3 Qxc3 16. bxc3 h4 17. Ne2 Nxe4 18. Be3 b5 19. Kb2 Be7 20. a4 bxa4 21. Ka3 Ndc5 22. c4 Kd7 23. Bxc5 Nxc5 24. Nc3 Rh5 25. Rhf1 Rg5 26. Rd2 Kc6 27. Re2 f6 28. Nxa4 Ne4 29. Rb1 Kc7 30. c3 Rxf5 31. Kb4 Ng3 32. Reb2 Rf1 33. Ka5 Rxb1 34. Rxb1 f5 35. Nb6 Bf6 36. Nd5+ Kd7 37. Rb7+ Ke6 38. Nc7+ Kf7 39. Nb5+ Kg6 40. Nxd6 e4 41. c5 e3 42. c6 Bd8+ 43. Kxa6 e2 44. Rb1 f4 45. Kb7 Kf6 46. Re1 g5 47. c7 Bxc7 48. Kxc7 g4 49. Ne4+ Nxe4 50. Rxe2 Nxc3 51. Rf2 Kf5 52. hxg4+ Kxg4 53. Kc6 Nd1 54. Ra2 Ne3 55. Kd6 Kg3 56. Ke5 Nxg2 57. Ke4 h3 58. Ra3+ Ne3 59. Ra2 Nf1 60. Ra3+ Kg4 61. Ra1 Ng3+ 0-1

[Event "Panama op 1st"]
[Site "Panama City"]
[Date "2011.11.04"]
[Round "4"]
[White "Abreu Delgado, Aryam"]
[Black "Ortiz Suarez, Isan Reynaldo"]
[Result "1/2-1/2"]
[WhiteElo "2481"]
[BlackElo "2553"]
[PlyCount "56"]
[EventDate "2011.11.03"]
[EventType "swiss"]
[EventRounds "9"]
[EventCountry "PAN"]
[SourceTitle "EXT 2012"]
[Source "ChessBase"]
[SourceDate "2011.11.24"]
[SourceVersion "1"]
[SourceVersionDate "2011.11.24"]
[SourceQuality "1"]

1. c4 c5 2. g3 Nc6 3. Bg2 g6 4. e3 Bg7 5. Ne2 e6 6. d4 cxd4 7. exd4 d5 8. cxd5 exd5 9. Nbc3 Nge7 10. Bg5 Be6 11. Nf4 Qd7 12. 0-0 Bg4 13. f3 Be6 14. Bxe7 Bxd4+ 15. Kh1 Bxc3 16. bxc3 Nxe7 17. Re1 Rc8 18. Qd4 0-0 19. Qxa7 Rxc3 20. Rab1 Rc7 21. Nxe6 fxe6 22. Qe3 Rc6 23. Qa7 Rc7 24. Qe3 Rf6 25. Bh3 Kf7 26. Qh6 Kg8 27. Qe3 Kf7 28. Qh6 Kg8 1/2-1/2

[Event "Bogota Univ Central op-A 5th"]
[Site "Bogota"]
[Date "2011.10.13"]
[Round "1.1"]
[White "Abreu Delgado, Aryam"]
[Black "Guzman Mellado, Arcadio"]
[Result "1-0"]
[WhiteElo "2490"]
[BlackElo "1957"]
[PlyCount "61"]
[EventDate "2011.10.13"]
[EventType "swiss"]
[EventRounds "9"]
[EventCountry "COL"]
[SourceTitle "EXT 2024"]
[Source "ChessBase"]
[SourceDate "2023.10.10"]
[SourceVersion "1"]
[SourceVersionDate "2023.10.10"]
[SourceQuality "1"]

1. c4 Nf6 2. g3 c6 3. Nf3 d5 4. Bg2 e6 5. b3 Be7 6. 0-0 0-0 7. Bb2 b6 8. d4 Bb7 9. Nc3 Nbd7 10. Nd2 c5 11. cxd5 cxd4 12. d6 Bxg2 13. dxe7 Qxe7 14. Kxg2 dxc3 15. Bxc3 Rfd8 16. Kg1 Qc5 17. Rc1 Qh5 18. f3 e5 19. e4 Nc5 20. Qe2 Qg5 21. Nc4 Nd3 22. Rc2 Nf4 23. Qe1 Nd3 24. Qd2 Qh5 25. Qe2 g5 26. Ne3 a6 27. Ba5 Rd7 28. Rd1 Nf4 29. gxf4 Rxd1+ 30. Nxd1 exf4 31. Nf2 1-0

[Event "Barcelona Sant Marti op 13th"]
[Site "Barcelona"]
[Date "2011.07.20"]
[Round "8"]
[White "Abreu Delgado, Aryam"]
[Black "Mestre Bellido, Hector"]
[Result "1-0"]
[WhiteElo "2479"]
[BlackElo "2380"]
[PlyCount "65"]
[EventDate "2011.07.13"]
[EventType "swiss"]
[EventRounds "9"]
[EventCountry "ESP"]
[SourceTitle "CBM 143 Extra"]
[Source "ChessBase"]
[SourceDate "2011.08.29"]
[SourceVersion "1"]
[SourceVersionDate "2011.08.29"]
[SourceQuality "1"]

1. e4 e5 2. Nf3 Nc6 3. Bb5 a6 4. Ba4 Nf6 5. 0-0 Be7 6. d3 b5 7. Bb3 d6 8. a4 Bd7 9. c3 0-0 10. Ba2 Qb8 11. Nbd2 Nd8 12. Re1 c5 13. Nf1 Re8 14. Bg5 Ng4 15. Bd2 Be6 16. h3 Nf6 17. Bg5 Nd7 18. Ne3 Bxg5 19. Nxg5 Bxa2 20. Rxa2 h6 21. Nf3 Ne6 22. g3 Nb6 23. a5 Nc8 24. Nh4 Ne7 25. Qg4 Kh7 26. Nhf5 Nxf5 27. exf5 Nf8 28. Nd5 Qd8 29. Qh5 Ra7 30. Raa1 Qg5 31. Qf3 Nd7 32. Re2 Nf6 33. h4 1-0

[Event "Barcelona Sant Marti op 13th"]
[Site "Barcelona"]
[Date "2011.07.18"]
[Round "6"]
[White "Abreu Delgado, Aryam"]
[Black "Avila Jimenez, Xavier"]
[Result "1-0"]
[WhiteElo "2479"]
[BlackElo "2257"]
[PlyCount "73"]
[EventDate "2011.07.13"]
[EventType "swiss"]
[EventRounds "9"]
[EventCountry "ESP"]
[SourceTitle "CBM 143 Extra"]
[Source "ChessBase"]
[SourceDate "2011.08.29"]
[SourceVersion "1"]
[SourceVersionDate "2011.08.29"]
[SourceQuality "1"]

1. c4 c6 2. g3 d5 3. Bg2 dxc4 4. Nf3 Nf6 5. 0-0 Nbd7 6. Na3 Nb6 7. Qc2 Qd5 8. b3 cxb3 9. axb3 Be6 10. Nc4 Nxc4 11. bxc4 Qxc4 12. Qb1 Qb5 13. Qxb5 cxb5 14. Nd4 Bd5 15. Nxb5 Kd7 16. Nxa7 e6 17. Bb2 Bxg2 18. Kxg2 Bc5 19. Rfb1 Rhb8 20. Nb5 Rxa1 21. Bxa1 Ne8 22. Be5 Ra8 23. Nc3 Kc6 24. Rc1 Kd7 25. Ne4 Be7 26. f4 Ra2 27. Rb1 Kc6 28. Bd4 Bd8 29. Rc1+ Kd7 30. Nc5+ Ke7 31. Nxb7 Rxd2 32. Bc3 Rd7 33. Bb4+ Kf6 34. Nc5 Ra7 35. Rd1 Be7 36. Nd7+ Rxd7 37. Bc3+ 1-0

[Event "Barcelona Sant Marti op 13th"]
[Site "Barcelona"]
[Date "2011.07.16"]
[Round "4"]
[White "Abreu Delgado, Aryam"]
[Black "Neffe, Axel"]
[Result "1/2-1/2"]
[WhiteElo "2479"]
[BlackElo "2260"]
[PlyCount "83"]
[EventDate "2011.07.13"]
[EventType "swiss"]
[EventRounds "9"]
[EventCountry "ESP"]
[SourceTitle "CBM 143 Extra"]
[Source "ChessBase"]
[SourceDate "2011.08.29"]
[SourceVersion "1"]
[SourceVersionDate "2011.08.29"]
[SourceQuality "1"]

1. c4 c5 2. g3 Nf6 3. Bg2 e6 4. Nf3 d5 5. cxd5 Nxd5 6. Nc3 Nc6 7. Qa4 Nb6 8. Qe4 Be7 9. Ne5 Nb4 10. 0-0 0-0 11. Rd1 f6 12. Nf3 e5 13. Qb1 Be6 14. d3 Qd7 15. Bd2 Rac8 16. b3 Rfd8 17. Qb2 Nc6 18. Rac1 Nd4 19. e3 Nxf3+ 20. Bxf3 Nd5 21. Nxd5 Bxd5 22. Bxd5+ Qxd5 23. Bc3 Rc6 24. Qe2 Qe6 25. Qf3 Rd7 26. Rd2 f5 27. Rcd1 Bg5 28. b4 g6 29. a3 Ra6 30. bxc5 Rxa3 31. Bb2 Raxd3 32. Rxd3 Rxd3 33. Rxd3 e4 34. Qd1 exd3 35. Qxd3 Bf6 36. Bxf6 Qxf6 37. Qd5+ Qf7 38. Qd8+ Kg7 39. Qd4+ Qf6 40. Qd7+ Qf7 41. Qd4+ Qf6 42. Qd7+ 1/2-1/2

[Event "Barcelona Sant Marti op 13th"]
[Site "Barcelona"]
[Date "2011.07.14"]
[Round "2"]
[White "Abreu Delgado, Aryam"]
[Black "Ryan, Joseph"]
[Result "1/2-1/2"]
[WhiteElo "2479"]
[BlackElo "2267"]
[PlyCount "113"]
[EventDate "2011.07.13"]
[EventType "swiss"]
[EventRounds "9"]
[EventCountry "ESP"]
[SourceTitle "CBM 143 Extra"]
[Source "ChessBase"]
[SourceDate "2011.08.29"]
[SourceVersion "1"]
[SourceVersionDate "2011.08.29"]
[SourceQuality "1"]

1. c4 Nf6 2. g3 g6 3. Bg2 d5 4. cxd5 Nxd5 5. Nc3 Nxc3 6. bxc3 Bg7 7. Nf3 c5 8. 0-0 0-0 9. Rb1 Nd7 10. c4 Nb6 11. d3 Bd7 12. Bb2 Bc6 13. Bxg7 Kxg7 14. Nd2 Bxg2 15. Kxg2 Qc7 16. Qb3 Rfb8 17. Ne4 Nd7 18. a4 b6 19. Qb2+ Kg8 20. h4 Qc6 21. Qb5 Qxb5 22. axb5 a5 23. Nc3 h5 24. Rfd1 Kf8 25. Na4 Ke8 26. e3 Ra7 27. d4 cxd4 28. exd4 Rc7 29. Rdc1 Nf6 30. c5 Nd5 31. Re1 e6 32. Re5 Rcb7 33. Rbe1 Kd8 34. c6 Re7 35. Kf3 Re8 36. Ke2 Kc7 37. Kd3 Red8 38. Nc3 Nxc3 39. Kxc3 Rd6 40. d5 Rxd5 41. Rxd5 exd5 42. Kd4 Kd6 43. Re5 Rd8 44. f3 f6 45. Rxd5+ Kc7 46. Rxd8 Kxd8 47. g4 f5 48. g5 f4 49. Kd5 Kc8 50. Ke4 Kd8 51. Kd4 Kc7 52. Ke5 Kc8 53. Ke4 Kc7 54. Kd5 Kc8 55. Kd4 Kd8 56. Ke5 Kc7 57. Kd5 1/2-1/2